Miraculum: Ofiary Akum - Statystyki

Ogólne statystyki
  • Ten quiz został rozwiązany 457 razy
  • Średni wynik to 25 z 49
Statystyki odpowiedzi
Nr Ofiara Złoczyńca % Poprawnych
2 Nino Lahiffe Bańkor
84%
7 Alya Cesaire Lady Wifi
80%
1 Aurore Beauréal (pogodynka) Nawałnica
78%
4 Alix Kubdel Czasołamaczka
76%
25 Lila Rossi Lisica
66%
10 Kim (ten sprinter z osiedla) Mroczny Amor
66%
5 Brat Alix (Ten od hieroglifów) Faraon
65%
24 Ivan Bruel / Ivan (Odc. Początki) Kamienne Serce
65%
18 Manon Chamack / Manon Lalkarka
63%
40 Ondine / Ta z Basenu od Kima Syrena
61%
9 Policjant Roger / Tata Sabriny Arcyglina
58%
27 Gabriel Agreste Kolekcjoner
58%
29 Lokaj Chloé Miś Goryczek
58%
16 Max Kanté / Max Gracz
57%
33 Dyrektor Damocles Mroczna Sowa
57%
46 Chloé po raz drugi :) Królowa Os
56%
19 Simon Grimault / Sajmon Sajmon Mówi
55%
15 Rose Lavillant Wonna Księżniczka
55%
13 Tata Milene Mim
54%
21 Juleka Reflekta
54%
8 Nathaniel Kurtzberg Ilustrachor
53%
48 Nora / Starsza Siostra Alyi Anansi
51%
23 Chloé Bourgeois AntyBiedrona
51%
3 TEN TYP OD RZEŹBY XD Kotowtór
51%
11 Mylène Haprèle / Milen Postraszycielka
51%
17 ten typ od pantery Panterman
50%
36 Ella i Etta Césaire / Siostry Alyi Sapotiki
50%
45 Mama Chloé Królowa Stylu
49%
49 Ten typek od snu XD Piaskowy Chłopiec
49%
35 Lodziarz André Mrożownik
48%
26 Święty Mikołaj Mikołajdak
47%
6 Xavier Ramier Pan Gołąb
46%
44 Marc Anciel / Rewer... Rewersor
45%
30 Babcia Marinette Befana
43%
32 August / Dziecko Bobogigant
43%
39 Szofer Adriena Goridzilla
43%
14 Wujek Marinette Kung Zup
42%
31 Markov / Robot Maxa Robotus
41%
12 Nauczyciel szermierki Adriena Czarny Miecz
40%
41 Caline Bustier / Pani Bustier Zombuziara
40%
47 André Bourgeois / Tata Chloé Dyktatyran
39%
28 Nadja Chamack Królowa Wizji
39%
34 Kagami Tsurugi / Kagami Riposta
36%
43 Philippe / Łyżwiarz Mrożyciel
35%
20 Jagged Stone Diablo Rockman
34%
37 Anarka Couffaine / Mama Juleki Kapitan Hardrock
34%
22 Fan Jaggeda Stona / Fotograf Pixelator
34%
42 Penny Rolling / Menadżerka Komplikatorka
30%
38 Clara Nightingale Melobestia
28%
Nie znaleziono quizów pasujących do podanych kryteriów
Rozkład punktacji
Procent ludzi z każdym wynikiem
Percentyl według liczby udzielonych odpowiedzi
Twoja historia wyników
Nie rozwiązałeś tego quizu